| 000 | 00645nam a22002057a 4500 | ||
|---|---|---|---|
| 003 | OSt | ||
| 005 | 20260427072014.0 | ||
| 008 | 260427b |||||||| |||| 00| 0 eng d | ||
| 020 | _a0-534-51904-0. | ||
| 040 |
_aDWC-Admin lib _cOC |
||
| 082 | _aCirc. 301.072 B113b 2002 | ||
| 100 | _aBabbie, Earl | ||
| 245 |
_aThe basics of social research / _cEarl Babbie |
||
| 260 |
_aUSA: _b Wadsworth, _cc2002. |
||
| 300 |
_a xxiv, 461 p. ; _c23 cm. |
||
| 504 | _aIncludes bibliographical references and index. | ||
| 650 | _a1. Social Sciences - Methodology. | ||
| 650 | _a2. Social Sciences - Research. | ||
| 942 |
_2ddc _cBK-CIRC _e2nd ed. _hCirc. _n0 |
||
| 999 |
_c9951 _d9951 |
||